GÜVEN BANA (Record no. 730091)

MARC details
000 -LEADER
sabit uzunluktaki kontrol alanı 00231nam a2200097Ia 4500
001 - KONTROL NUMARASI
kontrol alanı 730091
005 - EN SON İŞLEMİN TARİH VE ZAMANI
kontrol alanı 20250826163708.0
008 - SABİT-UZUNLUKTA VERİ ÖĞELERİ--GENEL BİLGİ
sabit uzunluktaki kontrol alanı 250824s9999 xx 000 0 und d
245 #0 - ESER / YAZAR
ESER ADI GÜVEN BANA
Yazar Adı JEFF ABBOTT
260 ## - YAYIN, DAĞITIM, VB.
YAYIN EVİ MARTI YAYINLARI

No items available.